[Event "2 Bundesliga West 2007/2008"]
[Site "Schwaz"]
[Date "2008.01.27"]
[Round "8"]
[Board "6"]
[White "Muehlbacher, Bernhard"]
[Black "Ladenhauf, Gideon"]
[Result "1-0"]
[WhiteElo "2134"]
[BlackElo "1993"]
[PlyCount "69"]
[EventDate "2007.10.06"]
[EventType "team"]
[EventRounds "11"]
[EventCountry "AUT"]
[WhiteTeam "Rochade Rum"]
[BlackTeam "Dornbirn"]

1.c4 c5 2.Nc3 Nc6 3.g3 b6 4.Bg2 Bb7 5.e4 Nf6 6.Nge2 g6 7.O-O Bg7 8.d3 O-O 9.h3
d6 10.a3 Qd7 11.Rb1 e6 12.b4 Rfd8 13.Qb3 Ne7 14.Rd1 cxb4 15.axb4 d5 16.cxd5 exd5
17.e5 Ne8 18.d4 Ba6 19.b5 Bb7 20.Ba3 Nc7 21.Nf4 Nf5 22.h4 Bh6 23.Bc1 Rab8 24.Kh2
Bxf4 25.Bxf4 Ne6 26.Be3 Nxe3 27.fxe3 Nc7 28.Rf1 a6 29.Rf6 Ne8 30.Rxb6 Qc7
31.bxa6 Bxa6 32.Rxb8 Rxb8 33.Qxb8 Qxc3 34.Qxe8+ Kg7 35.Rb8

[Event "2 Bundesliga West 2007/2008"]
[Site "Schwaz"]
[Date "2008.01.27"]
[Round "8"]
[Board "1"]
[White "Novkovic, Milan"]
[Black "Neuschmied, Siegfried"]
[Result "1-0"]
[WhiteElo "2413"]
[BlackElo "2319"]
[PlyCount "97"]
[EventDate "2007.10.06"]
[EventType "team"]
[EventRounds "11"]
[EventCountry "AUT"]
[WhiteTeam "Hohenems II"]
[BlackTeam "WOergl"]

1.Nf3 Nf6 2.d4 g6 3.Bg5 Bg7 4.Nbd2 c5 5.e3 O-O 6.c3 b6 7.Bxf6 exf6 8.Be2 Bb7
9.O-O d5 10.a4 Nd7 11.a5 Qc7 12.Bb5 Bc6 13.Qa4 Bxb5 14.Qxb5 Rfb8 15.axb6 Rxb6
16.Qa5 Qd6 17.Ra2 Bf8 18.Rd1 Qb8 19.b3 f5 20.g3 a6 21.dxc5 Rb5 22.Qa3 Rxc5 23.b4
Rc8 24.Qb3 Nb6 25.Rda1 Qb7 26.Nd4 Bg7 27.Ra3 Nc4 28.Nxc4 dxc4 29.Qa2 Bxd4
30.exd4 Rc6 31.Re1 Kf8 32.Ra5 Re8 33.Rxe8+ Kxe8 34.d5 Rc8 35.Qd2 Kf8 36.Qd4 Kg8
37.Rc5 Re8 38.Qxc4 Re1+ 39.Kg2 Rd1 40.Qe2 Rxd5 41.Qf3 Rd7 42.Qxb7 Rxb7 43.Kf3
Rb6 44.Ke3 Rd6 45.f4 Kg7 46.Rc7 h6 47.Rb7 g5 48.c4 Re6+ 49.Kd3

[Event "2 Bundesliga West 2007/2008"]
[Site "Schwaz"]
[Date "2008.01.27"]
[Round "8"]
[Board "2"]
[White "Eybl, Alexander"]
[Black "GAertner, Guntram"]
[Result "1/2-1/2"]
[WhiteElo "2273"]
[BlackElo "2328"]
[PlyCount "56"]
[EventDate "2007.10.06"]
[EventType "team"]
[EventRounds "11"]
[EventCountry "AUT"]
[WhiteTeam "WOergl"]
[BlackTeam "Hohenems II"]

1.d4 d5 2.Bg5 c6 3.e3 h6 4.Bh4 Qb6 5.Qc1 e5 6.Nf3 e4 7.Nfd2 Ne7 8.c4 Nf5 9.Bg3
Nxg3 10.hxg3 Be6 11.Nc3 Be7 12.a3 O-O 13.b4 Nd7 14.Be2 f5 15.O-O Nf6 16.cxd5
cxd5 17.Na4 Qd8 18.Nc5 Bc8 19.Qb2 b6 20.Na6 Bd6 21.b5 Bxa6 22.bxa6 Rc8 23.a4 Rf7
24.Rfc1 Rfc7 25.Nb3 Rxc1+ 26.Rxc1 Rxc1+ 27.Nxc1 Qc7 28.Na2 Qc6

[Event "2 Bundesliga West 2007/2008"]
[Site "Schwaz"]
[Date "2008.01.27"]
[Round "8"]
[Board "3"]
[White "Grabher, Heinz"]
[Black "Bertagnolli, Alexander"]
[Result "0-1"]
[WhiteElo "2258"]
[BlackElo "2319"]
[PlyCount "83"]
[EventDate "2007.10.06"]
[EventType "team"]
[EventRounds "11"]
[EventCountry "AUT"]
[WhiteTeam "Hohenems II"]
[BlackTeam "WOergl"]

1.e4 c5 2.Nf3 e6 3.d4 cxd4 4.Nxd4 Qb6 5.Nb3 Qc7 6.Nc3 a6 7.a4 Nc6 8.Bd3 Nf6
9.O-O Be7 10.Be3 b6 11.Qe2 Bb7 12.Nd2 Bc5 13.Nb3 Bb4 14.f4 Bxc3 15.bxc3 Ne7
16.Bd4 d5 17.e5 Ne4 18.a5 b5 19.Bxe4 dxe4 20.Nc5 Bd5 21.Nxe4 Bxe4 22.Qxe4 Rc8
23.g4 g6 24.Rf3 Qc6 25.Qd3 h5 26.g5 O-O 27.Bb6 Nd5 28.Bd4 Rfd8 29.Re1 Ne7 30.Qe2
Qc4 31.Qxc4 Rxc4 32.Bb6 Rd2 33.Rc1 Nd5 34.Rd3 Rxd3 35.cxd3 Rxc3 36.Rxc3 Nxc3
37.Kf2 Kf8 38.Bc5+ Ke8 39.Ke3 Kd7 40.Kd4 Nd5 41.Ba3 Nxf4 42.Kc5

[Event "2 Bundesliga West 2007/2008"]
[Site "Schwaz"]
[Date "2008.01.27"]
[Round "8"]
[Board "4"]
[White "Astl, Peter"]
[Black "Burschowsky, Matthias"]
[Result "0-1"]
[WhiteElo "2263"]
[BlackElo "2208"]
[PlyCount "84"]
[EventDate "2007.10.06"]
[EventType "team"]
[EventRounds "11"]
[EventCountry "AUT"]
[WhiteTeam "WOergl"]
[BlackTeam "Hohenems II"]

1.Nf3 Nf6 2.d4 e6 3.e3 b6 4.Bd3 Bb7 5.Nbd2 c5 6.O-O Be7 7.b3 O-O 8.Bb2 d6 9.c4
Nbd7 10.Qc2 h6 11.Rad1 Rc8 12.Qb1 Rc7 13.Rfe1 Qa8 14.e4 cxd4 15.Nxd4 a6 16.f3
Rd8 17.Bf1 Ne5 18.g3 Nc6 19.Qa1 Qa7 20.Kh1 Nxd4 21.Bxd4 Bc6 22.a4 a5 23.Bg2 Ne8
24.Nf1 Rcd7 25.Ne3 Qb7 26.Rd3 Bf8 27.Qb2 Nc7 28.Qf2 Na6 29.Nf1 Nc5 30.Rde3 d5
31.cxd5 exd5 32.Bh3 dxe4 33.Bxd7 Qxd7 34.Bxc5 Bxc5 35.fxe4 Bxe4+ 36.Kg1 Qh3
37.Nd2 Bc6 38.R1e2 Kh7 39.Qf4 Re8 40.Nf1 Re4 41.Qf2 f5 42.Rc2 f4

[Event "2 Bundesliga West 2007/2008"]
[Site "Schwaz"]
[Date "2008.01.27"]
[Round "8"]
[Board "5"]
[White "Baldauf, Marco"]
[Black "Meier, Alexander"]
[Result "1/2-1/2"]
[WhiteElo "2236"]
[BlackElo "2142"]
[PlyCount "28"]
[EventDate "2007.10.06"]
[EventType "team"]
[EventRounds "11"]
[EventCountry "AUT"]
[WhiteTeam "Hohenems II"]
[BlackTeam "WOergl"]

1.e4 g6 2.d4 Bg7 3.Nc3 d6 4.Be3 a6 5.f4 Nf6 6.Be2 O-O 7.Nh3 e5 8.dxe5 dxe5
9.Qxd8 Rxd8 10.fxe5 Ng4 11.Bg5 Re8 12.Nd5 Bxe5 13.Ne7+ Rxe7 14.Bxg4 Re8